| 000 | 00471cam a2200169 4500 | ||
|---|---|---|---|
| 001 | D11700 | ||
| 008 | 090401t xxu||||| |||| 00| 0 eng d | ||
| 035 | _a(Sirsi) u99326 | ||
| 041 | _aeng | ||
| 050 | _a526.90285 | ||
| 110 |
_aUnited Nations _92749 |
||
| 245 | _aReport of the Ad Hoc Group of Experts on Cadastral Surveying and Mapping and Land information | ||
| 350 | _a0 | ||
| 520 | _aIn RICS Land surveyors information package 9 | ||
| 942 | _n0 | ||
| 948 | _c04/03/1997 | ||
| 999 |
_c99275 _d99275 |
||